00418 2200169 4500001002100000005001500021008004100036035001900077041000700096082001000103090001600113100001600129245002300145260003100168300001800199650003100217INLIS00000000001750320241224115326241224||||||||| | ||| |||| || |  0010-1224017503 aid0 a641.1 a641.1 TAN w0 aanthony tan00aWanita Dan Nutrisi aJakartabBumi Aksarac2002 a87hlm;14x20cm 0aKesejahteraan Rumah Tangga